00463nam a2200133Ia 4500008004100000020001800041100003000059245009000089260003700179300001900216500004900235650002600284650001900310190813s9999 xx 000 0 und d a9789712722486 aCarandang, Ma. Lourdes A. cMa.Lourdes A. Carandang.--aThe Magic of play :bchildren heal through play therapy / aManila :bAnvil publishingc2009 aix, 208 pages. aIncludes bibliographic references and index. aChild psychotheraphy. aPlay theraphy.